|
|
|
|
| LEADER |
02426nam a2200625 i 4500 |
| 001 |
nkc20203276022 |
| 003 |
CZ PrNK |
| 005 |
20210628124805.0 |
| 007 |
ta |
| 008 |
201214s2021 xr ac e 000 0dcze |
| 015 |
|
|
|a cnb003276022
|
| 020 |
|
|
|a 978-80-270-8948-2
|q (vázáno)
|
| 035 |
|
|
|a (OCoLC)1260123017
|
| 040 |
|
|
|a BOA001
|b cze
|d OLA001
|e rda
|
| 041 |
1 |
|
|a cze
|a eng
|h cze
|
| 043 |
|
|
|a e-xr---
|
| 045 |
|
|
|a x-y-
|
| 072 |
|
7 |
|a 73
|x Sochařství, keramika, porcelán, umělecké zpracování kovů
|2 Konspekt
|9 21
|
| 080 |
|
|
|a 730(437.3)
|2 MRF
|
| 080 |
|
|
|a 7.038.544
|2 MRF
|
| 080 |
|
|
|a 730.036/.038
|2 MRF
|
| 080 |
|
|
|a 741/744(437.3)
|2 MRF
|
| 080 |
|
|
|a (437.3)
|2 MRF
|
| 080 |
|
|
|a (084.11)
|2 MRF
|
| 100 |
1 |
|
|a Páral, Miroslav,
|d 1955-2022
|7 jo20000082750
|4 art
|4 aut
|
| 245 |
1 |
0 |
|a Miroslav Páral :
|b kontexty : international art gallery /
|c překlad Petra Binková
|
| 246 |
3 |
0 |
|a Kontexty
|
| 264 |
|
1 |
|a [Český Krumlov] :
|b [Miroslav Páral],
|c [2021?]
|
| 264 |
|
3 |
|b Hořická ofsetová tiskárna spol. s r.o.
|
| 300 |
|
|
|a 162 stran :
|b ilustrace (převážně barevné), portréty ;
|c 29 cm
|
| 336 |
|
|
|a text
|b txt
|2 rdacontent
|
| 336 |
|
|
|a statický obraz
|b sti
|2 rdacontent
|
| 337 |
|
|
|a bez média
|b n
|2 rdamedia
|
| 338 |
|
|
|a svazek
|b nc
|2 rdacarrier
|
| 500 |
|
|
|a Životopisná data, přehled výstav a zastoupení ve sbírkách
|
| 546 |
|
|
|a Souběžný anglický text
|
| 600 |
1 |
7 |
|a Páral, Miroslav,
|d 1955-2022
|7 jo20000082750
|2 czenas
|
| 648 |
|
7 |
|a 20.-21. století
|7 ch462155
|2 czenas
|
| 648 |
|
7 |
|a 21. století
|7 ch460559
|2 czenas
|
| 650 |
0 |
7 |
|a české sochařství
|7 ph128152
|y 20.-21. století
|2 czenas
|
| 650 |
0 |
7 |
|a objekty (umění)
|7 ph123590
|z Česko
|y 20.-21. století
|2 czenas
|
| 650 |
0 |
7 |
|a moderní sochařství
|7 ph122941
|z Česko
|2 czenas
|
| 650 |
0 |
7 |
|a česká kresba
|7 ph116857
|y 21. století
|2 czenas
|
| 650 |
0 |
9 |
|a Czech sculpture
|y 20th-21st centuries
|2 eczenas
|
| 650 |
0 |
9 |
|a objects (art)
|z Czechia
|y 20th-21st centuries
|2 eczenas
|
| 650 |
0 |
9 |
|a modern sculpture
|z Czechia
|2 eczenas
|
| 650 |
0 |
9 |
|a Czech drawing
|y 21st century
|2 eczenas
|
| 655 |
|
7 |
|a obrazové publikace
|7 fd132947
|2 czenas
|
| 655 |
|
9 |
|a pictorial works
|2 eczenas
|
| 700 |
1 |
|
|a Binková, Petra,
|d 1975-
|7 pna2009495534
|4 trl
|
| 910 |
2 |
|
|a BOA001
|b 4-1464.486
|
| 990 |
|
|
|a BK
|
| 995 |
|
|
|a 01
|
| 991 |
|
|
|b 202106
|c NOV
|
| 996 |
6 |
|
|b 2610865343
|c 4-1464.486
|l MZK
|r Sklad / do 1 hodiny
|n 1
|p p.v.
|w 001851789
|u 000010
|a 1
|e BOA001
|j MZK50
|s P
|